000 00920nam a2200241Ia 4500
999 _c64772
_d64772
003 GCL
005 20240530110750.0
008 140319s9999 xx 000 0 ara d
040 _aGCL /
_cGCL
082 0 4 _a624.1 \
_bع م
100 1 _aعماد درويش
245 1 0 _aالمرجع الشامل فى الهندسة الانشائية : تصميم الجسور الفولاذية ج 12 :
_bالجسور الصحفية - الجسور الشبكية /
_cعماد درويش
260 _aسوريا :
_bدار دمشق للنشر والتوزيع والطباعة
300 _a270, 248 ؛
_c25 سم
490 _aالمرجع الشامل فى الهندسة الانشائية
_v0
650 0 4 _aالكبارى
650 0 4 _aالجسور
650 0 4 _aالمبانى الحديدية
650 0 4 _aالجسور المعلقة
700 1 _aمصباح عز
700 1 _aدار دمشق
942 _2ddc
_cBK